The great wall of China / (Record no. 8248)
[ view plain ]
| 000 -LEADER | |
|---|---|
| fixed length control field | 00894nam a22002777a 4500 |
| 001 - CONTROL NUMBER | |
| control field | 8248 |
| 003 - CONTROL NUMBER IDENTIFIER | |
| control field | FISKH |
| 005 - DATE AND TIME OF LATEST TRANSACTION | |
| control field | 20250904162354.0 |
| 008 - FIXED-LENGTH DATA ELEMENTS--GENERAL INFORMATION | |
| fixed length control field | 250904b cb ||||| |||| 00| 0 eng d |
| 020 ## - INTERNATIONAL STANDARD BOOK NUMBER | |
| International Standard Book Number | 9781740897990 |
| 040 ## - CATALOGING SOURCE | |
| Original cataloging agency | FISKH |
| Language of cataloging | eng |
| Transcribing agency | FISKH |
| Modifying agency | FISKH |
| 050 ## - LIBRARY OF CONGRESS CALL NUMBER | |
| Classification number | DS793.G67 R93 |
| 082 ## - DEWEY DECIMAL CLASSIFICATION NUMBER | |
| Classification number | 931.04 |
| 100 ## - MAIN ENTRY--PERSONAL NAME | |
| Personal name | Ryan, Denise |
| 245 ## - TITLE STATEMENT | |
| Title | The great wall of China / |
| Statement of responsibility, etc. | By Denise Ryan |
| 260 ## - PUBLICATION, DISTRIBUTION, ETC. | |
| Place of publication, distribution, etc. | Sydney : |
| Name of publisher, distributor, etc. | Weldon Owen , |
| Date of publication, distribution, etc. | 2008. |
| 300 ## - PHYSICAL DESCRIPTION | |
| Extent | 24 pages : |
| Other physical details | color illustrations ; |
| Dimensions | 23 cm . |
| 490 ## - SERIES STATEMENT | |
| Series statement | TopReaders |
| Volume/sequential designation | Stage 1 |
| 505 ## - FORMATTED CONTENTS NOTE | |
| Formatted contents note | I <br/><br/> |
| 520 ## - SUMMARY, ETC. | |
| Summary, etc. | The Great Wall of China is extremely long. It is one of the most amazing things ever built by humans. Find out how it was made and why people built it. |
| 521 8# - TARGET AUDIENCE NOTE | |
| Target audience note | 430 <br/> |
| Source | Lexile estimate <br/> |
| 521 8# - TARGET AUDIENCE NOTE | |
| Target audience note | I <br/><br/> |
| Source | Raz-Plus <br/> |
| 650 ## - SUBJECT ADDED ENTRY--TOPICAL TERM | |
| Topical term or geographic name entry element | Ancient China |
| Form subdivision | Non-fiction |
| 942 ## - ADDED ENTRY ELEMENTS (KOHA) | |
| Source of classification or shelving scheme | Dewey Decimal Classification |
| Koha item type | Books |
| Suppress in OPAC | No |
| Withdrawn status | Lost status | Source of classification or shelving scheme | Damaged status | Not for loan | Collection | Home library | Current library | Shelving location | Date acquired | Total Checkouts | Full call number | Barcode | Date last seen | Price effective from | Koha item type |
|---|---|---|---|---|---|---|---|---|---|---|---|---|---|---|---|
| Dewey Decimal Classification | Non-Fiction | Footprints International School Library Network Toul Tom Poung Campus | Footprints International School Library Network Toul Tom Poung Campus | TTP Primary Dark Blue Bookshelves | 09/04/2025 | RYA 931.04 DS793.G67 R93 | FISBK00023 | 09/04/2025 | 09/04/2025 | Books |
